Statistics for Guitars: Fender... or Gibson?

Click here to take the quiz!

General Stats

  • This quiz has been taken 134 times
  • The average score is 15 of 18

Answer Stats

QuestionAnswer% Correct
Produces the TelecasterFender
96%
Produces the Les PaulGibson
95%
Famously used by Jimi HendrixFender
94%
Produces the StratocasterFender
94%
Produces the SGGibson
93%
Acquired string manufacturer SquierFender
92%
Owns the Epiphone brandGibson
92%
Famously used by Kurt Cobain of NirvanaFender
91%
Famously used by B. B. KingGibson
91%
Produces the Flying VGibson
88%
Is an American companyBoth
85%
Sold more guitars in 2023Fender
81%
Famously used by Tony Iommi of Black SabbathGibson
77%
Began as a mandolin manufacturerGibson
74%
Filed for Chapter 11 bankruptcy protection on May 1, 2018Gibson
74%
Famously used by Jimmy Page of Led ZeppelinGibson
73%
Famously used by Keith Richards of the Rolling StonesFender
64%
Was founded firstGibson
60%

Score Distribution

Percentile by Number Answered

Percent of People with Each Score

Your Score History

You have not taken this quiz